Alanus de maximis theologie

Saved in:  
Bibliographic Details
Main Author: Alanus, ab Insulis 1120-1202 (Author)
Contributors: Wolff, Jakob 14XX-1519 (Printer)
Format: Print Book
Language:Latin
Subito Delivery Service: Order now.
Check availability: HBZ Gateway
WorldCat: WorldCat
Interlibrary Loan:Interlibrary Loan for the Fachinformationsdienste (Specialized Information Services in Germany)
Published: [Basel] [Jakob Wolff] [nicht nach 1492]
In:Year: 1492
Further subjects:B Incunabulum
Online Access: Weiterführende Informationen; INKA (Publisher)
Parallel Edition:Electronic

MARC

LEADER 00000cam a2200000 c 4500
001 1327132249
003 DE-627
005 20240503201329.0
007 tu
008 060919s1492 sz ||||| 00| ||lat c
035 |a (DE-627)1327132249 
035 |a (DE-576)257132244 
035 |a (DE-599)BSZ257132244 
035 |a (OCoLC)985159894 
035 |a (OCoLC)827830544 
040 |a DE-627  |b ger  |c DE-627  |e rda 
041 |a lat 
044 |c XA-CH 
084 |a 1  |2 ssgn 
100 0 |e VerfasserIn  |0 (DE-588)11864422X  |0 (DE-627)079430287  |0 (DE-576)160042577  |4 aut  |a Alanus  |c ab Insulis  |d 1120-1202 
109 |a Alanus de Lille 1120-1202  |a Alanus van Ryssel 1120-1202  |a Alanus ab Insulis 1120-1202  |a Alanus Magnus 1120-1202  |a Alanus Magister 1120-1202  |a Alanus de Podio 1120-1202  |a Insulis, Alanus ab 1120-1202  |a Alanus Porretanus 1120-1202  |a Alanus Insulensis 1120-1202  |a Anticlaudianus 1120-1202  |a Alanus de Insulis 1120-1202  |a Alanus de Monte Pessulano 1120-1202  |a Alan of Lille 1120-1202  |a Alanus Maistre 1120-1202  |a Lille, Alain de 1120-1202  |a Pseudo-Alanus ab Insulis 1120-1202  |a Alain de Montpellier 1120-1202  |a Alain du Puy 1120-1202  |a Ollanus 1120-1202  |a Alano di Lilla 1120-1202  |a Alanus aus Lille 1120-1202  |a Alain de Lille 1120-1202  |a Alain von Lille 1120-1202  |a Alanus Anglicus 1120-1202  |a Alanus de Ryssel 1120-1202 
240 1 0 |a Theologicae regulae  |0 (DE-588)1088060900  |0 (DE-627)849417171  |0 (DE-576)458721719 
245 1 0 |a Alanus de maximis theologie 
264 1 |a [Basel]  |b [Jakob Wolff]  |c [nicht nach 1492] 
300 |a 40 ungezählte Blätter  |c 4° 
336 |a Text  |b txt  |2 rdacontent 
337 |a ohne Hilfsmittel zu benutzen  |b n  |2 rdamedia 
338 |a Band  |b nc  |2 rdacarrier 
500 |a Incipit: Incipiunt Regule celestis iuris Vel maxime theologie Magistri alani porretani 
500 |a Unfirmierter Basler Druck, wurde eine Zeit lang Johann Amerbach zugeschrieben, mit der Korrektur zu Jakob Wolff schließt GW sich u.a. BSB-Ink und Sack an 
510 3 |a GW 510 
510 3 |a BSB-Ink A-90 
510 3 |a ISTC ia00181000 
510 3 |a Hain-Copinger 389 
510 3 |a Sack, V. Inkunabeln Freiburg 40 
583 1 |a Archivierung/Langzeitarchivierung gewährleistet  |f SSG  |x XA-DE-BW  |2 pdager  |5 DE-21 
601 |a Theologie 
655 7 |a Inkunabel  |0 (DE-588)4027041-5  |0 (DE-627)106286269  |0 (DE-576)208968954  |2 gnd-content 
700 1 |e DruckerIn  |0 (DE-588)1012373568  |0 (DE-627)699664683  |0 (DE-576)345348214  |4 prt  |a Wolff, Jakob  |d 14XX-1519 
751 |a Basel  |0 (DE-588)4004617-5  |0 (DE-627)10638497X  |0 (DE-576)208856919  |4 pup 
776 0 8 |i Elektronische Reproduktion  |a Alanus, ab Insulis, 1120 - 1202  |t Alanus de maximis theologie  |d [Basel] : [Jakob Wolff], 1492  |h 40 ungezählte Blätter  |w (DE-627)165701018X  |w (DE-576)50581479X  |k Electronic 
856 4 2 |u http://www.inka.uni-tuebingen.de/cgi-bin/inkunabel?status=Suchen&form=voll&naw=GW&snachweis=510  |x Verlag  |3 Weiterführende Informationen; INKA  |7 1 
935 |a mteo 
935 |e GW 510 
935 |e BSB-Ink A-90  |f b 
935 |e ISTC ia00181000  |f b 
935 |e Hain-Copinger 389 
935 |e Sack, V. Inkunabeln Freiburg 40  |f b 
951 |a BO 
ELC |b 1 
ITA |a 1  |t 1 
LOK |0 000 xxxxxcx a22 zn 4500 
LOK |0 001 2689804867 
LOK |0 003 DE-627 
LOK |0 004 1327132249 
LOK |0 005 20130413111534 
LOK |0 008 081023||||||||||||||||ger||||||| 
LOK |0 035   |a (DE-21)TUB 15 
LOK |0 040   |a DE-21  |c DE-627  |d DE-21 
LOK |0 852   |a DE-21 
LOK |0 852 1  |c Gb 81 a.4  |9 00 
LOK |0 8564   |u http://www.inka.uni-tuebingen.de/cgi-bin/inkunabel?naw=GW&snachweis=510&sbibliothek=tub 
LOK |0 935   |a inka  |a theo 
LOK |0 939   |a 23-10-08  |b l01 
ORI |a SA-MARC-ixtheoa001.raw